01153nab a22002297a 4500999001500000003000400015005001700019008004100036040000700077100003600084245020000120260007300320300001300393500004500406505012400451505008900575650002900664700003200693700003500725773015000760942001300910 c5526d5526OSt20251215112453.0190604e xxu||||| |||| 00| 0 spa d cPJ 96506aDel Río, María Morena10aDecreto 493/2025. Actualizaciones al marco regulatorio para la prestación del servicio público de agua potable y desagües cloacales /cMaría Morena del Río, Lucrecia Re y Dolores Perino aCiudad Autónoma de Buenos Aires :bThomson Reuters La Ley, c2025. ap. 60-63 aCita Online: TR LALEY AR/DOC/2383/2025.  aSumario: I. Introducción.— II. Breve reseña histórica.— III. Principales modificaciones.— IV. Conclusiones. t¿Te interesa el texto completo? Solicitalo al correo: koha@justierradelfuego.gov.ar 091432aSERVICIO PÚBLICO 96507aRe, Lucreciaecoautor 96508aPerino, Doloresecoautor0 0271493171dCiudad Autónoma de Buenos Aires : Thomson Reuters La Ley, 2014-tRevista anales de legislación argentina. Nº 11- Noviembre 2025. 2udccANA